000 00394 a2200157 4500
001 177206
020 _a
040 _cMagnum
100 _aMota, Carlos Guilherme
240 1 0 _aHistoria e civilizacao: o mundo antigo e medieval
_lpor
245 1 0 _aHistoria e civilizacao: o mundo antigo e medieval
362 0 _a1899
440 1 _aÁtica
697 _aMAGNITO: PARADIDATICO
942 _cBK
999 _c177206
_d177206